000 00404nam a22001457a 4500
999 _c1769
_d1769
008 200203b ||||| |||| 00| 0 eng d
082 0 0 _a551.6353
_bM541
100 _91382
_aMeneghini, R.
245 1 0 _aSpaceborne weather radar /
_cby Meneghini, R. and Kozu, T.
260 _aLondon:
_bArctec House,
_c1990.
300 _aix, 199 p.
650 0 _aRadar Meteorology
700 _95078
_aKozu, T.
942 _cBK